000 01355nam a2200241Ia 4500
999 _c38782
_d38782
001 5131
003 GE_BSU
005 20190621150258.0
008 181216s1991||||ge |||||||||||||| ||geo||
040 _cGE_BSU
041 _ageo
080 _a004.68(075.8) ჩ-76
100 _aჩოგოვაძე, გ.
_9947
245 _aმონაცემებისა და ცოდნის ბაზების აგების მეთოდები და ინტრუმენტული საშუალებანი :
_bდამხმ. სახელმძღვ. /
_cგ. ჩოგოვაძე, გ. სურგულაძე, გ. ქაჩიბაია ; რედ. ე. გიორგაძე
264 _aთბილისი :
_bსპი,
_c1991.
300 _a145 გვ. ;
_c20 სმ.
504 _aბიბლიოგრ. : გვ.126.
653 _aმონაცემებისა და ცოდნის ბაზების აგების მეთოდები და ინტრუმენტული საშუალებანი
700 _aსურგულაძე, გ.
_eავტორი
_9948
700 _aქაჩიბაია, გ.
_eავტორი
_91131
700 _aგიორგაძე, ე.
_eრედაქტორი
_9398
942 _cBK
_2udc